| 000 | 00647nam a2200193 a 4500 | ||
|---|---|---|---|
| 005 | 20210219151406.0 | ||
| 008 | 991125s1972 bar 000 0 spa u | ||
| 035 | _aUPN01000033263 | ||
| 049 | _aCG | ||
| 050 | 4 |
_aBM165 _bS5.38 |
|
| 100 | 1 | _aSimon, Marcel | |
| 245 | 1 | 3 |
_aEl judaísmo y el cristianismo antiguo : _bde Antíoco Epífanes a Constantino / _cMarcel Simon, André Benoti ; tr. Irene Castells. |
| 260 |
_aBarcelona, Esp. : _bLabor, _c1972. |
||
| 300 | _a305 p. | ||
| 440 | 0 |
_aNueva clío. _pLa historia y sus problemas ; _v10 |
|
| 650 | 4 |
_aJUDAISMO - _xHISTORIA - _yPERIODO ANTIGUO |
|
| 700 | 1 |
_aBenoit, André, _ecoaut. |
|
| 905 | _aLibro | ||
| 999 |
_c33263 _d33263 |
||